| 000 | 00617nam a2200181 a 4500 | ||
|---|---|---|---|
| 001 | 000043196 | ||
| 005 | 20201002040720.0 | ||
| 008 | 140224s2012 cu 000 0 spa d | ||
| 020 | _a9789592711853 | ||
| 040 |
_aDO-SdBNP _bspa _cBNPHU |
||
| 082 |
_axxxxxxx _bxxxxxxx |
||
| 100 | 1 |
_aÁlvarez Cruz, Laura _95843 |
|
| 245 | 1 | 0 |
_aDe la historia de las letras / _cLaura Álvarez Cruz. |
| 260 |
_aLa Habana, : _bCentro de estudios martianos _bEdiciones boloña, _c2012. |
||
| 300 |
_a187 p. ; _c21 cm. |
||
| 504 | _aIncluye referencias bibliográficas y notas al pie de las páginas | ||
| 504 | _aBibliografías : p. 183-187 | ||
| 999 |
_c42685 _d42685 |
||